| 000 | 00637nam a22001937a 4500 | ||
|---|---|---|---|
| 008 | 230515s1967 ag ||||| |||| 00| 0 spa d | ||
| 110 | 2 | _aBanco Central de la República Argentina | |
| 245 | 1 | 0 |
_aCódigo de Actividades / _cBanco Central de la República Argentina. |
| 260 |
_aBuenos Aires : _bBanco Central de la República Argentina, _c1967. |
||
| 300 |
_a1 carpeta : _bcon solapas, sujetador de metal, mecanografiado y mimeografiado |
||
| 942 | _cLIBRO | ||
| 003 | AR-BaAGN | ||
| 005 | 20230517144003.0 | ||
| 007 | ta | ||
| 040 |
_aAR-BaAGN _bspa _eaacr |
||
| 336 |
_2rdacontent _btxt |
||
| 337 |
_2rdamedia _bn |
||
| 338 |
_2rdacarrier _bnc |
||
| 999 |
_c48221 _d48221 |
||